Mental health and social policy (Record no. 1452550)

MARC details
000 -LEADER
fixed length control field 00607nam a2200217Ia 4500
005 - DATE AND TIME OF LATEST TRANSACTION
control field 20250923145531.0
008 - FIXED-LENGTH DATA ELEMENTS--GENERAL INFORMATION
fixed length control field 008 250917s9999 xx 000 0 eng d
037 ## - SOURCE OF ACQUISITION
Stock number Textual
040 ## - CATALOGING SOURCE
Original cataloging agency DSWL
Language of cataloging eng
Transcribing agency DSWL
041 ## - LANGUAGE CODE
Language code of text/sound track or separate title eng
Source of code eng
084 ## - COLON CLASSIFICATION NUMBER
Classification number L7:4:691, N80
Assigning agency DSWL
100 ## - MAIN ENTRY--PERSONAL NAME
Personal name Mechanic, David
9 (RLIN) 836313
245 #0 - TITLE STATEMENT
Title Mental health and social policy
Statement of responsibility, etc. by David Mechanic
250 ## - EDITION STATEMENT
Edition statement 2nd
260 ## - PUBLICATION, DISTRIBUTION, ETC.
Place of publication, distribution, etc. New Jersey
Name of publisher, distributor, etc. Prentice Hall Inc.
Date of publication, distribution, etc. 1980
300 ## - PHYSICAL DESCRIPTION
Extent xii,236 p.
365 ## - TRADE PRICE
Price type code INR
Price amount 80.81
925 ## -
-- 80.81
942 ## - ADDED ENTRY ELEMENTS (KOHA)
Koha item type Textual
Classification part L7:4:691, N80
Holdings
Withdrawn status Lost status Damaged status Not for loan Home library Current library Date acquired Source of acquisition Inventory number Total Checkouts Full call number Barcode Date last seen Price effective from Koha item type
        Department of Social Work Library Department of Social Work Library 2025-09-23 International Book Distributors 8715 09/03/1981   L7:4:691, N80 SW0020038 2025-09-23 2025-09-23 Textual
Copyright @ Delhi University Library System